000 00534nam a2200205Ia 4500
003 OSt
005 20260108091204.0
008 210210b2006 xxu||||| |||| 00| 0 eng d
040 _cAL
041 _aEnglish
082 _a155.4 BHAR
100 _aPriyanka Mohan Bhandare
_9150316
245 _aReturn to innocence.
260 _aMangalore
_bPsychology Department St. Aloysius College
_c2006
300 _a48
690 _aChild Psychology
_9150317
700 _aOctovia, Monteiro
_9250664
906 _a060927
942 _2ddc
_cBK
999 _c107714
_d107714